Govt. of
Madhya Pradesh

Normal view MARC view

Entry Personal Name

Number of records used in: 1

001 - CONTROL NUMBER

  • control field: 11964

003 - CONTROL NUMBER IDENTIFIER

  • control field: OSt

005 - DATE AND TIME OF LATEST TRANSACTION

  • control field: 20150919123737.0

008 - FIXED-LENGTH DATA ELEMENTS

  • fixed length control field: 150919|| aca||aabn | a|a d

040 ## - CATALOGING SOURCE

  • Original cataloging agency: OSt
  • Transcribing agency: OSt

100 ## - HEADING--PERSONAL NAME

  • Personal name: Samachandran, S

670 ## - SOURCE DATA FOUND

  • Source citation: Work cat.: (OSt)42294: Samachandran, S, Anna Speaks With Significant Achievements, 2008